Представление документа в формате RUSMARC

ПолеНазваниеЗначение
  Тип записи a
  Библиографический уровень m
001 Контрольный номер RU/SLIB/B/208753817
005 Дата корректировки 20231207112533.2
010 Индекс ISBN __
d Цена 1-60
100 Данные общей обработки __
a Данные общей обработки 20230620d1988 meay0rusy028902 ca
101 Язык документа 0_
a Язык текста rus
102 Страна публикации __
a Страна публикации RU
105 Кодированные данные (монография) __
a Кодированные данные (монография) y z 000yy
181 Поле кодированных данных: вид содержания _0
a Код вида содержания (ISBD) i
182 Поле кодированных данных: тип средства _0
a Код типа средства (ISBD) n
200 Заглавие и сведения об ответственности 1_
a Заглавие Избранное
f Первые сведения об ответственности А. Е. Горелов
b Общее обозначение материала Текст
203 Вид содержания и тип средства __
a Вид содержания Текст
c Тип средства непосредственный
210 Выходные данные 1_
a Место издания Л.
c Издательство Лениздат
d Дата издания 1988
215 Физическое описание __
a Объем 560 с.
606 Тематические рубрики __
a Основная рубрика Литературоведение
2 Код системы nlr_sh
606 Тематические рубрики __
a Основная рубрика Русская литература в целом
2 Код системы nlr_sh
610 Ключевые слова 0_
a Ключевые слова писатели; персоналии; творческая деятельность
686 Индексы других классификаций __
a Классификационный индекс 83.3(2Рос=Рус)-8; ст83.3(2Рос=Рус)
2 Код системы rubbks
700 Автор _1
a Фамилия Горелов
b Имя А. Е.
4 Код отношения 070
f Даты 1904-1991
g Полное личное имя Анатолий Ефимович
801 Источник записи _0
a Страна RU
b Организация Муниципальное бюджетное учреждение культуры "Централизованная библиотечная система" г. Сургут (Центральная городская библиотека им. А. С. Пушкина)
g Правила каталогизации PSBO
801 Источник записи _1
a Страна RU
b Организация Муниципальное бюджетное учреждение культуры "Централизованная библиотечная система" г. Сургут (Центральная городская библиотека им. А. С. Пушкина)
g Правила каталогизации PSBO
852 Данные о местонахождении __
j Шифр хранения 83.3(2Рос=Рус)-8
c Каталожный индекс 83.3(2Рос=Рус)-8
i Авторский знак Г 68
p Инвентарный номер 34357
901 Тип документа __
t Тип документа m
a Ответственный КиК/Елгина
903 Характеристики (МАРС) __
c Наименование библиотеки (МАРС) Муниципальное бюджетное учреждение культуры "Централизованная библиотечная система" г. Сургут (Центральная городская библиотека им. А. С. Пушкина)
990 Данные о заказе (DOS) __
j Количество экземпляров (DOS) 2
t N записи в КСУ для И/У (DOS) 199101